[Event "Plzen, JF B"]
[Site "?"]
[Date "1999.??.??"]
[Round "7.13"]
[White "Martinek, P."]
[Black "Bernerova, M."]
[Result "1-0"]
[WhiteElo "1550"]
[BlackElo "1485"]
[PlyCount "99"]
[EventDate "1999.??.??"]
[Source "ChessBase"]
[SourceDate "1996.11.15"]

1. e4 e5 2. f4 exf4 3. Nf3 Nf6 4. Nc3 Bb4 5. e5 Bxc3 6. bxc3 Nd5 7. Bc4 Nb6 8.
Bb3 d6 9. O-O O-O 10. d4 Nc6 11. Bxf4 Na5 12. exd6 cxd6 13. Qd3 h6 14. Nd2 Nxb3
15. cxb3 Nd5 16. Be3 Ne7 17. d5 Bg4 18. Nc4 Nc8 19. Qe4 Bd7 20. Nd2 a5 21. Qf3
f6 22. Bf4 Kh8 23. Ne4 Be8 24. Qg3 Ra6 25. Rf3 Kh7 26. Qh4 Bg6 27. Ng3 Ne7 28.
c4 Be8 29. Be3 Bg6 30. Raf1 Ng8 31. Nh5 Bxh5 32. Qxh5 Qd7 33. Rg3 Qf7 34. Qe2
Re8 35. Qd3+ Kh8 36. Rff3 Re7 37. Bd2 b6 38. c5 Ra8 39. cxb6 Rb7 40. Qb5 Ne7
41. Rd3 Rab8 42. Bxa5 Nc8 43. Qc6 Qf8 44. Rg4 Qe7 45. Rdg3 Nxb6 46. Rxg7 Qxg7
47. Rxg7 Kxg7 48. Qxd6 Nc8 49. Qg3+ Kf7 50. Qh3 1-0

[Event "Plzen, JF B"]
[Site "?"]
[Date "1999.??.??"]
[Round "7.14"]
[White "Cervinka, R."]
[Black "Simlova, J."]
[Result "1-0"]
[WhiteElo "1444"]
[BlackElo "1550"]
[PlyCount "115"]
[EventDate "1999.??.??"]
[Source "ChessBase"]
[SourceDate "1996.11.15"]

1. e4 e5 2. Nf3 Nc6 3. Bb5 a6 4. Ba4 Nf6 5. O-O b5 6. Bb3 Nxe4 7. Qe2 d5 8. d3
Nf6 9. Nxe5 Nxe5 10. Qxe5+ Be6 11. Qg3 c5 12. c3 g6 13. Bf4 Nh5 14. Qe3 Nxf4
15. Qxf4 Bd6 16. Qh6 Qf6 17. Qe3 O-O 18. Nd2 c4 19. dxc4 dxc4 20. Bc2 Bf4 21.
Qf3 Qe5 22. Rad1 Bxh2+ 23. Kh1 Bf4 24. Rfe1 Qg5 25. Ne4 Qh6+ 26. Kg1 Qh2+ 27.
Kf1 Qh4 28. g3 Qh3+ 29. Qg2 Bc7 30. Ng5 Qxg2+ 31. Kxg2 Rfe8 32. Rh1 h5 33. Ne4
Kg7 34. Nc5 Bg4 35. Rd2 Rad8 36. Rxd8 Rxd8 37. Nxa6 Bb6 38. Nb4 Rd2 39. Rf1 Bc5
40. Na6 Rxc2 41. Nxc5 Rxb2 42. Ra1 Rc2 43. Ne4 f5 44. Nd6 Rb2 45. a4 bxa4 46.
Rxa4 Be2 47. Nxc4 Rc2 48. Ra7+ Kh6 49. Ne5 Rxc3 50. Nf7+ Kg7 51. Ng5+ Kf6 52.
Nh7+ Ke5 53. Re7+ Kd4 54. Rxe2 Rc6 55. Ng5 Kd3 56. Re6 Rc4 57. Nf3 Kc2 58. Rxg6
1-0

[Event "Plzen, JF B"]
[Site "?"]
[Date "1999.??.??"]
[Round "7.15"]
[White "Smid, J."]
[Black "Priborsky, J."]
[Result "0-1"]
[WhiteElo "1350"]
[BlackElo "1444"]
[PlyCount "38"]
[EventDate "1999.??.??"]
[Source "ChessBase"]
[SourceDate "1996.11.15"]

1. e4 e5 2. Nf3 Nc6 3. Bb5 f5 4. Nc3 fxe4 5. Nxe4 d5 6. Ng3 Bd6 7. d3 Nf6 8.
O-O O-O 9. Re1 Bg4 10. Bxc6 bxc6 11. h3 Bxf3 12. gxf3 Nd7 13. Kg2 Qh4 14. Qd2
h6 15. c3 Rf7 16. d4 Raf8 17. Re3 e4 18. Qe2 exf3+ 19. Rxf3 Rxf3 0-1

[Event "Plzen, JF B"]
[Site "?"]
[Date "1999.??.??"]
[Round "7.16"]
[White "Rehak, M."]
[Black "Pokorny, J."]
[Result "0-1"]
[WhiteElo "1259"]
[BlackElo "1550"]
[PlyCount "102"]
[EventDate "1999.??.??"]
[Source "ChessBase"]
[SourceDate "1996.11.15"]

1. e4 e5 2. Nf3 Nc6 3. Bb5 a6 4. Ba4 d6 5. O-O b5 6. Bb3 Nf6 7. Re1 Na5 8. c3
c5 9. Bc2 Bg4 10. h3 Bh5 11. d3 h6 12. Be3 Be7 13. d4 cxd4 14. cxd4 exd4 15.
Bxd4 O-O 16. a3 Re8 17. Nc3 Qc7 18. Qd3 Bg6 19. Qe3 Nc4 20. Qc1 Rad8 21. b3 Nb6
22. Qe3 Rb8 23. Ra2 Bd8 24. Rd1 Nbd5 25. Nxd5 Nxd5 26. Qd2 Bxe4 27. Bxe4 Rxe4
28. Bxg7 Kxg7 29. Qxd5 Re6 30. Nd4 Re5 31. Qf3 Rg5 32. Rc2 Rc5 33. Rxc5 dxc5
34. Nf5+ Kf8 35. Nxh6 f6 36. Qd5 Kg7 37. Nf5+ Kg6 38. Ne3 Qf4 39. Qxc5 Bb6 40.
Qc3 Re8 41. Qd3+ Kg5 42. Qd5+ Re5 43. Qg8+ Kh5 44. Qg4+ Qxg4 45. Nxg4 Rf5 46.
Rd6 Bc5 47. Rxf6 Rd5 48. Rxa6 Kg5 49. Nf6 Rd4 50. a4 Bd6 51. Ng4 Rd1# 0-1

[Event "Plzen, JF B"]
[Site "?"]
[Date "1999.??.??"]
[Round "7.17"]
[White "Bouska, M."]
[Black "Grobelsek, M."]
[Result "1-0"]
[WhiteElo "1250"]
[BlackElo "1500"]
[PlyCount "45"]
[EventDate "1999.??.??"]
[Source "ChessBase"]
[SourceDate "1996.11.15"]

1. e4 e5 2. Nf3 Nc6 3. Bc4 Nf6 4. Ng5 Bc5 5. Nxf7 Bxf2+ 6. Kf1 Qe7 7. Nxh8 d5
8. exd5 Nd4 9. h3 b5 10. Be2 Qc5 11. c3 Nf5 12. d4 Ne4 13. g4 Nfg3+ 14. Kg2
Qxd5 15. Bf3 Nxh1 16. Kxh1 Bh4 17. Kg2 Rb8 18. Qc2 Bb7 19. Nd2 exd4 20. cxd4
Qd6 21. Nxe4 Bxe4 22. Qxe4+ Kd8 23. Nf7+ 1-0

[Event "Plzen, JF B"]
[Site "?"]
[Date "1999.??.??"]
[Round "7.18"]
[White "Jurek, M."]
[Black "Kracik, M."]
[Result "0-1"]
[WhiteElo "1350"]
[BlackElo "1458"]
[PlyCount "38"]
[EventDate "1999.??.??"]
[Source "ChessBase"]
[SourceDate "1996.11.15"]

1. e4 e5 2. Nf3 Nc6 3. Bc4 Bc5 4. d3 h6 5. Nc3 Nf6 6. Bb5 a6 7. Bxc6 dxc6 8.
Nxe5 Bxf2+ 9. Kf1 Bd4 10. Nf3 Bg4 11. h3 Nh5 12. hxg4 Ng3+ 13. Ke1 Nxh1 14. Bf4
Nf2 15. Qe2 Bxc3+ 16. Kxf2 Bxb2 17. Rb1 Bd4+ 18. Nxd4 Qxd4+ 19. Be3 Qf6+ 0-1

[Event "Plzen, JF B"]
[Site "?"]
[Date "1999.??.??"]
[Round "7.19"]
[White "Bim, T."]
[Black "Hruska, V."]
[Result "0-1"]
[WhiteElo "1550"]
[BlackElo "1275"]
[PlyCount "42"]
[EventDate "1999.??.??"]
[Source "ChessBase"]
[SourceDate "1996.11.15"]

1. e4 e5 2. Nf3 Nc6 3. d4 exd4 4. Nxd4 Bc5 5. Be3 Qf6 6. c3 Nge7 7. Bc4 O-O 8.
O-O d6 9. Nxc6 Nxc6 10. Bxc5 dxc5 11. Nd2 Ne5 12. Bb3 Qg6 13. g3 Bh3 14. Re1
Rad8 15. Qe2 Rxd2 16. Qe3 Rd3 17. Qxc5 Nf3+ 18. Kh1 Nxe1 19. Rxe1 Qf6 20. Re2
Qf3+ 21. Kg1 Qg2# 0-1

[Event "Plzen, JF B"]
[Site "?"]
[Date "1999.??.??"]
[Round "7.20"]
[White "Kracikova, K."]
[Black "Honzl, O."]
[Result "0-1"]
[WhiteElo "1550"]
[BlackElo "1268"]
[PlyCount "82"]
[EventDate "1999.??.??"]
[Source "ChessBase"]
[SourceDate "1996.11.15"]

1. e4 e5 2. Nf3 Nc6 3. Bc4 Bc5 4. Nc3 Nf6 5. O-O d6 6. a3 Bg4 7. b4 Bb6 8. d3
Nd4 9. Bxf7+ Kxf7 10. Ng5+ Ke7 11. Qd2 h6 12. Nd5+ Kf8 13. Nxb6 axb6 14. f3 Bc8
15. Nh3 Bxh3 16. gxh3 Rg8 17. f4 exf4 18. Rxf4 g5 19. Rf2 Ne6 20. Qe2 Rg6 21.
Qf3 Kg7 22. Bb2 Qe7 23. e5 dxe5 24. Bxe5 Rf8 25. Raf1 c6 26. Qg3 Nf4 27. d4 c5
28. c3 Kh7 29. Kh1 Ne4 30. Qe3 Nxf2+ 31. Rxf2 Nd5 32. Qg3 Rxf2 33. Qxf2 Nf4 34.
Qf3 Qf7 35. a4 Rc6 36. b5 Rc8 37. Qe4+ Kg8 38. Qf3 Ra8 39. Qg4 Nd3 40. Qg2 Nxe5
41. dxe5 Rxa4 0-1

[Event "Plzen, JF B"]
[Site "?"]
[Date "1999.??.??"]
[Round "7.21"]
[White "Toman, J."]
[Black "Soral, D."]
[Result "1-0"]
[WhiteElo "1550"]
[BlackElo "1550"]
[PlyCount "73"]
[EventDate "1999.??.??"]
[Source "ChessBase"]
[SourceDate "1996.11.15"]

1. e4 e5 2. Nf3 Nc6 3. Bb5 d6 4. d4 a6 5. Bxc6+ bxc6 6. dxe5 Be7 7. exd6 cxd6
8. Nc3 Nf6 9. Bf4 O-O 10. Qd3 Bb7 11. O-O-O d5 12. e5 Ng4 13. Bg3 h6 14. h3
Bg5+ 15. Kb1 Nxf2 16. Bxf2 Bf4 17. g3 Bg5 18. h4 Be7 19. g4 c5 20. Nxd5 Bxd5
21. Qxd5 Qa5 22. e6 f6 23. Qe4 Rab8 24. g5 f5 25. Qe3 h5 26. Ne5 Qb6 27. b3 Bd6
28. Nd7 Qa5 29. Nxf8 Kxf8 30. Rxd6 c4 31. e7+ Ke8 32. Rd8+ Rxd8 33. exd8=Q+
Kxd8 34. Qb6+ Qxb6 35. Bxb6+ Kc8 36. bxc4 Kb7 37. c5 1-0

[Event "Plzen, JF B"]
[Site "?"]
[Date "1999.??.??"]
[Round "7.22"]
[White "Tolar, J."]
[Black "Simlova, K."]
[Result "1-0"]
[WhiteElo "1350"]
[BlackElo "1550"]
[PlyCount "71"]
[EventDate "1999.??.??"]
[Source "ChessBase"]
[SourceDate "1996.11.15"]

1. e4 e5 2. Nf3 Nc6 3. Bb5 Nf6 4. O-O Nxe4 5. Re1 Nd6 6. Nxe5 Nxe5 7. Rxe5+ Be7
8. Ba4 O-O 9. Qe1 Bh4 10. Bb3 Qf6 11. d3 Nf5 12. g3 Qg6 13. Qe4 d6 14. Rxf5
Bxf5 15. Qxh4 Rfe8 16. Be3 Re5 17. Nc3 Bg4 18. Nd5 Kf8 19. f4 Rh5 20. Qe7+ Kg8
21. Qe4 Qh6 22. f5 Bxf5 23. Bxh6 Bxe4 24. dxe4 Rxh6 25. Nxc7 Rc8 26. Nd5 Kf8
27. Rf1 a6 28. Nb6 Rc7 29. c3 f6 30. Bd5 Rh5 31. g4 Rg5 32. h3 h5 33. Rf5 Rxf5
34. gxf5 Re7 35. Be6 Ke8 36. Nd5 1-0

[Event "Plzen, JF B"]
[Site "?"]
[Date "1999.??.??"]
[Round "7.23"]
[White "Kracikova, L."]
[Black "Kovar, J."]
[Result "0-1"]
[WhiteElo "1350"]
[BlackElo "1250"]
[PlyCount "55"]
[EventDate "1999.??.??"]
[Source "ChessBase"]
[SourceDate "1996.11.15"]

1. e4 e5 2. Nf3 Nf6 3. Bc4 d5 4. exd5 Nxd5 5. Bxd5 Qxd5 6. Nc3 Qc6 7. Nxe5 Qxg2
8. Ke2 Bd6 9. Rg1 Qxh2 10. Nf3 Qh5 11. Ke1 Bg4 12. Rg3 Bxg3 13. Qe2+ Kf8 14.
fxg3 Bxf3 15. Qd3 Qh1+ 16. Qf1 Qg2 17. b3 Qxg3+ 18. Qf2 Qxf2+ 19. Kxf2 Bh5 20.
Ba3+ Kg8 21. Re1 Nc6 22. Nd5 h6 23. Nxc7 Rd8 24. Be7 Rxd2+ 25. Kf1 Nd4 26. Kg1
Nf3+ 27. Kf1 Nxe1 28. Kxe1 0-1

[Event "Plzen, JF B"]
[Site "?"]
[Date "1999.??.??"]
[Round "7.24"]
[White "Franta, S."]
[Black "Smazalova, H."]
[Result "0-1"]
[WhiteElo "1550"]
[BlackElo "1350"]
[PlyCount "74"]
[EventDate "1999.??.??"]
[Source "ChessBase"]
[SourceDate "1996.11.15"]

1. e4 e5 2. Nf3 Nc6 3. d4 exd4 4. Nxd4 Nxd4 5. Qxd4 Nf6 6. Nc3 d6 7. Bg5 Be7 8.
Nd5 Nxd5 9. Bxe7 Nxe7 10. Bc4 O-O 11. O-O-O Ng6 12. h4 h5 13. f3 Be6 14. Bxe6
fxe6 15. g4 hxg4 16. h5 Nf4 17. h6 Ne2+ 18. Kb1 Nxd4 19. Rxd4 gxh6 20. Rxh6
Rxf3 21. a3 g3 22. e5 Qe7 23. exd6 cxd6 24. Rg4+ Kf7 25. Rh7+ Kf8 26. Rxe7 Kxe7
27. Rg7+ Kf6 28. Rxg3 Rxg3 29. Ka2 e5 30. b4 e4 31. Kb2 e3 32. Kc1 e2 33. Kd2
Re8 34. Ke1 Rg1+ 35. Kd2 e1=Q+ 36. Kd3 Rg4 37. c4 Qe3+ 0-1

[Event "Plzen, JF B"]
[Site "?"]
[Date "1999.??.??"]
[Round "7.25"]
[White "Konig, M."]
[Black "Matousek, Lu"]
[Result "1-0"]
[WhiteElo "1550"]
[BlackElo "1350"]
[PlyCount "129"]
[EventDate "1999.??.??"]
[Source "ChessBase"]
[SourceDate "1996.11.15"]

1. e4 e5 2. d4 Bb4+ 3. c3 Bd6 4. d5 c6 5. c4 cxd5 6. cxd5 Nf6 7. Nc3 O-O 8. Nf3
Bc7 9. d6 Nc6 10. dxc7 Qxc7 11. Nb5 Qa5+ 12. Bd2 Qb6 13. Be3 Nd4 14. Nfxd4 exd4
15. Bxd4 Qd8 16. Qf3 Re8 17. Bxf6 Qxf6 18. Qxf6 gxf6 19. Bd3 Re7 20. O-O d5 21.
exd5 Bd7 22. Nc3 Rae8 23. h3 Kh8 24. Bb5 Bxb5 25. Nxb5 a6 26. Nc3 f5 27. a3 f4
28. b4 f3 29. gxf3 Rg8+ 30. Kh2 Re5 31. Rad1 Rf5 32. Rd3 Rfg5 33. d6 Rg2+ 34.
Kh1 R2g6 35. d7 Rh6 36. Kh2 Rd8 37. Re1 Re6 38. Rxe6 fxe6 39. Rd6 Kg7 40. Rxe6
Rxd7 41. Kg3 Rf7 42. Kg4 Rc7 43. Ne4 Kf7 44. Rb6 Kg8 45. Rd6 Rg7+ 46. Kh4 Kf8
47. Ng5 Ke7 48. Ne4 Rf7 49. Ng5 Rf4+ 50. Kg3 Rf5 51. Kg4 Rb5 52. Rh6 Rd5 53. f4
Kf8 54. Rxh7 Kg8 55. f5 b6 56. f6 Rxg5+ 57. Kxg5 Kxh7 58. Kf5 Kg8 59. Ke6 Kf8
60. h4 Ke8 61. h5 a5 62. h6 axb4 63. h7 Kd8 64. axb4 b5 65. Kd6 1-0

[Event "Plzen, JF B"]
[Site "?"]
[Date "1999.??.??"]
[Round "7.26"]
[White "Karbusicky, O."]
[Black "Momotov, I."]
[Result "0-1"]
[WhiteElo "1350"]
[BlackElo "1350"]
[PlyCount "70"]
[EventDate "1999.??.??"]
[Source "ChessBase"]
[SourceDate "1996.11.15"]

1. e4 e5 2. Nf3 Nc6 3. Bc4 Nf6 4. Nc3 Bb4 5. a3 Bxc3 6. dxc3 Nxe4 7. O-O O-O 8.
Re1 Nf6 9. Be3 Re8 10. h3 d5 11. Bb5 Qd7 12. Nxe5 Rxe5 13. Qf3 a6 14. Ba4 d4
15. Rad1 h6 16. cxd4 Rf5 17. Bf4 Nxd4 18. Bxd7 Nxf3+ 19. gxf3 Bxd7 20. Bxc7
Rxf3 21. Be5 Bxh3 22. Re3 Rxe3 23. fxe3 Ng4 24. Bh2 Nxe3 25. Re1 Ng2 26. Re2
Rd8 27. Rxg2 Rd1+ 28. Kf2 Rd2+ 29. Kg3 Bxg2 30. c4 Rxb2 31. Kg4 Rb3 32. Be5
Rxa3 33. c5 Bc6 34. Bb2 Ra5 35. Bd4 Ra4 0-1

[Event "Plzen, JF B"]
[Site "?"]
[Date "1999.??.??"]
[Round "7.27"]
[White "Matousek, Li"]
[Black "Palkova, K."]
[Result "0-1"]
[WhiteElo "1350"]
[BlackElo "1350"]
[PlyCount "64"]
[EventDate "1999.??.??"]
[Source "ChessBase"]
[SourceDate "1996.11.15"]

1. e4 e5 2. Nf3 Nc6 3. Nc3 Nf6 4. Bc4 Nxe4 5. Nxe4 d5 6. Bd3 dxe4 7. Bxe4 Bg4
8. d3 Bc5 9. Be3 Bb6 10. h3 Bxf3 11. Qxf3 Nd4 12. Qd1 O-O 13. c3 Nc6 14. Bxb6
cxb6 15. Bxc6 bxc6 16. O-O Qd5 17. d4 exd4 18. Qxd4 Qg5 19. Rfe1 Rad8 20. Qe5
Qg6 21. Qe7 Rd2 22. Rad1 Rxd1 23. Rxd1 h6 24. Rd8 Rxd8 25. Qxd8+ Kh7 26. Qa8
Qb1+ 27. Kh2 Qxb2 28. Qxc6 Qxa2 29. Qxb6 axb6 30. f4 Qc4 31. Kg3 Qxc3+ 32. Kh2
f5 0-1

[Event "Plzen, JF B"]
[Site "?"]
[Date "1999.??.??"]
[Round "8.1"]
[White "Priborsky, I."]
[Black "Galicek, S."]
[Result "0-1"]
[WhiteElo "1525"]
[BlackElo "1860"]
[PlyCount "98"]
[EventDate "1999.??.??"]
[Source "ChessBase"]
[SourceDate "1996.11.15"]

1. e4 c5 2. d4 cxd4 3. c3 dxc3 4. Nxc3 Nc6 5. Nf3 e6 6. Bc4 d6 7. O-O Be7 8.
Qe2 Nf6 9. Rd1 e5 10. h3 O-O 11. Be3 Be6 12. Bb5 Bd7 13. Rac1 a6 14. Bc4 Rc8
15. Bd5 b5 16. a3 Na5 17. Nd2 Be6 18. b4 Bxd5 19. Nxd5 Nxd5 20. exd5 Nb7 21.
Rc6 Ra8 22. Bb6 Qe8 23. Rc7 Nd8 24. Rdc1 f5 25. a4 bxa4 26. Nc4 Nf7 27. Na5 Bd8
28. R7c6 Bxb6 29. Rxb6 a3 30. Nc6 e4 31. Ra1 f4 32. Rxa3 Ng5 33. Qg4 h6 34. h4
e3 35. Qe2 Ne4 36. fxe3 f3 37. gxf3 Qh5 38. Kg2 Rae8 39. Ra2 Nc3 40. Qf2 Nxa2
41. Rxa6 Nc3 42. Ra7 Qg6+ 43. Kh2 Nxd5 44. Qa2 Qe6 45. Nd4 Qe5+ 46. f4 Qh5 47.
Ra5 Qxh4+ 48. Kg1 Rxe3 49. Qxd5+ Kh8 0-1

[Event "Plzen, JF B"]
[Site "?"]
[Date "1999.??.??"]
[Round "8.3"]
[White "Svoboda, Jar"]
[Black "Horacek, D."]
[Result "1/2-1/2"]
[WhiteElo "1740"]
[BlackElo "1704"]
[PlyCount "38"]
[EventDate "1999.??.??"]
[Source "ChessBase"]
[SourceDate "1996.11.15"]

1. d4 d5 2. Nf3 Nf6 3. Bf4 c6 4. e3 Qb6 5. b3 Bg4 6. c4 e5 7. Bxe5 Bb4+ 8. Ke2
Ne4 9. Qc2 Bf5 10. Qb2 Qa5 11. a3 Nc3+ 12. Ke1 Nxb1+ 13. axb4 Qxb4+ 14. Kd1
Nc3+ 15. Kc1 O-O 16. Nh4 Na2+ 17. Kd1 Nc3+ 18. Kc1 Na2+ 19. Kd1 Nc3+ 1/2-1/2

[Event "Plzen, JF B"]
[Site "?"]
[Date "1999.??.??"]
[Round "8.4"]
[White "Barton, J."]
[Black "Sedy, P."]
[Result "1-0"]
[WhiteElo "1705"]
[BlackElo "1671"]
[PlyCount "59"]
[EventDate "1999.??.??"]
[Source "ChessBase"]
[SourceDate "1996.11.15"]

1. e4 e6 2. d4 d5 3. Nc3 Nf6 4. Bd3 dxe4 5. Nxe4 Nbd7 6. Nf3 Nxe4 7. Bxe4 Nf6
8. Bg5 Be7 9. Bd3 Bd7 10. O-O Rc8 11. Ne5 c5 12. Qe2 cxd4 13. Nxd7 Nxd7 14.
Bxe7 Qxe7 15. Qe4 Qb4 16. a3 Qb6 17. b3 Nf6 18. Qh4 O-O 19. f4 h6 20. g4 Kh8
21. g5 Ng8 22. Rf3 Rfd8 23. Rh3 Rxc2 24. gxh6 Nxh6 25. Qg5 f5 26. Re1 Rc6 27.
Kh1 Kh7 28. Rg1 Qc7 29. Rxh6+ Kg8 30. Qh5 1-0

[Event "Plzen, JF B"]
[Site "?"]
[Date "1999.??.??"]
[Round "8.5"]
[White "Smid, M."]
[Black "Studnicka, T."]
[Result "0-1"]
[WhiteElo "1669"]
[BlackElo "1651"]
[PlyCount "54"]
[EventDate "1999.??.??"]
[Source "ChessBase"]
[SourceDate "1996.11.15"]

1. e4 d6 2. d4 Nf6 3. Nc3 g6 4. Be3 Bg7 5. Qd2 Ng4 6. Bg5 h6 7. Bh4 Nd7 8.
O-O-O O-O 9. f3 Ngf6 10. g4 c5 11. Nge2 Qa5 12. g5 hxg5 13. Bxg5 b5 14. h4 Re8
15. Bh6 b4 16. Nb1 Qxa2 17. h5 Nb6 18. b3 c4 19. Bxg7 c3 20. Nexc3 bxc3 21.
Nxc3 Qa1+ 22. Nb1 Kxg7 23. hxg6 fxg6 24. Qh6+ Kf7 25. e5 dxe5 26. Bd3 Rg8 27.
Rdg1 Bf5 0-1

[Event "Plzen, JF B"]
[Site "?"]
[Date "1999.??.??"]
[Round "8.6"]
[White "Marous, R."]
[Black "Sodoma, J."]
[Result "0-1"]
[WhiteElo "1665"]
[BlackElo "1745"]
[PlyCount "70"]
[EventDate "1999.??.??"]
[Source "ChessBase"]
[SourceDate "1996.11.15"]

1. e4 e5 2. f4 Bc5 3. Nf3 d6 4. b4 Bxb4 5. c3 Ba5 6. Bc4 Nc6 7. O-O Bg4 8.
Bxf7+ Kd7 9. fxe5 dxe5 10. Qb3 Nf6 11. d4 Bb6 12. Kh1 Kc8 13. d5 Na5 14. Qc2
Nc4 15. Na3 Bxf3 16. Rxf3 Nd6 17. Be6+ Kb8 18. c4 Nfxe4 19. Be3 Nc5 20. Raf1 e4
21. Rg3 Rf8 22. Qe2 Nxe6 23. dxe6 Nf5 24. Rxf5 Rxf5 25. Rxg7 Bxe3 26. e7 Qe8
27. h3 Bd4 28. Rxh7 Bf6 29. Qxe4 Re5 30. Qg4 Re1+ 31. Kh2 Bxe7 32. Qd4 Bd6+ 33.
Qxd6 cxd6 34. Rh5 Re5 35. Rh4 Re2 0-1

[Event "Plzen, JF B"]
[Site "?"]
[Date "1999.??.??"]
[Round "8.7"]
[White "Priborsky, M."]
[Black "Vogeltanz, M."]
[Result "1-0"]
[WhiteElo "1487"]
[BlackElo "1429"]
[PlyCount "77"]
[EventDate "1999.??.??"]
[Source "ChessBase"]
[SourceDate "1996.11.15"]

1. e4 d6 2. d4 Nf6 3. Nc3 g6 4. Nf3 Bg7 5. Bc4 Bg4 6. Be3 O-O 7. h3 Bxf3 8.
Qxf3 Nc6 9. O-O Nd7 10. Qd1 e5 11. d5 Ne7 12. Bd3 f5 13. exf5 gxf5 14. Bg5 Nf6
15. Kh2 h6 16. Bxf6 Rxf6 17. Bc4 Kf7 18. Ne2 Qg8 19. f4 Rg6 20. c3 Bf6 21. Rg1
Bh4 22. fxe5 Bf2 23. e6+ Kf8 24. Rf1 Rxg2+ 25. Kh1 Bb6 26. Qd3 Rg5 27. Rf3 Kg7
28. Rg3 Kh8 29. Rf1 Qg6 30. Rxg5 hxg5 31. Qf3 Kg7 32. Ng3 Rh8 33. Nxf5+ Nxf5
34. Qxf5 Qxf5 35. Rxf5 Rxh3+ 36. Kg2 Re3 37. Rxg5+ Kf6 38. Rg4 Re2+ 39. Bxe2
1-0

[Event "Plzen, JF B"]
[Site "?"]
[Date "1999.??.??"]
[Round "8.8"]
[White "Barton, O."]
[Black "Novy, V."]
[Result "1/2-1/2"]
[WhiteElo "1673"]
[BlackElo "1646"]
[PlyCount "47"]
[EventDate "1999.??.??"]
[Source "ChessBase"]
[SourceDate "1996.11.15"]

1. e4 c5 2. c3 d5 3. exd5 Qxd5 4. d4 e5 5. dxe5 Qxd1+ 6. Kxd1 Nc6 7. f4 Bg4+ 8.
Be2 O-O-O+ 9. Nd2 Bxe2+ 10. Kxe2 f6 11. Ngf3 Re8 12. Kf2 fxe5 13. fxe5 Nxe5 14.
Nxe5 Rxe5 15. Nf3 Rf5 16. Re1 Nf6 17. Kg1 Bd6 18. Be3 Ng4 19. h3 Ne5 20. Nxe5
Rxe5 21. Rad1 Kc7 22. Rxd6 Kxd6 23. Bf4 Rhe8 24. c4 1/2-1/2

[Event "Plzen, JF B"]
[Site "?"]
[Date "1999.??.??"]
[Round "8.9"]
[White "Martinek, P."]
[Black "Straka, V."]
[Result "1-0"]
[WhiteElo "1550"]
[BlackElo "1572"]
[PlyCount "61"]
[EventDate "1999.??.??"]
[Source "ChessBase"]
[SourceDate "1996.11.15"]

1. d4 d5 2. c4 c6 3. Nc3 Nf6 4. Nf3 dxc4 5. e4 b5 6. Qc2 e6 7. a4 b4 8. Nd1 Be7
9. Bxc4 O-O 10. O-O Bb7 11. Bd3 h6 12. Ne3 c5 13. dxc5 Bxc5 14. e5 Nfd7 15. Be4
Nc6 16. Rd1 Rc8 17. Rxd7 Qxd7 18. Qxc5 Rfd8 19. h3 Nd4 20. Qxd4 Qxd4 21. Nxd4
Bxe4 22. Nb5 Rc5 23. f4 Rd3 24. Kf2 f6 25. Nd6 Ba8 26. Ke2 Rd4 27. b3 fxe5 28.
fxe5 Rxe5 29. Ndc4 Rxc4 30. bxc4 a5 31. Bb2 1-0

[Event "Plzen, JF B"]
[Site "?"]
[Date "1999.??.??"]
[Round "8.10"]
[White "Kralovec, V."]
[Black "Bouska, M."]
[Result "1-0"]
[WhiteElo "1536"]
[BlackElo "1250"]
[PlyCount "61"]
[EventDate "1999.??.??"]
[Source "ChessBase"]
[SourceDate "1996.11.15"]

1. e4 c6 2. d4 d5 3. Nc3 dxe4 4. Nxe4 Bf5 5. Ng3 Bg6 6. Nf3 Nd7 7. Bd3 Bxd3 8.
Qxd3 Qc7 9. c3 h6 10. O-O e6 11. Re1 Bd6 12. Nf5 O-O-O 13. Nxd6+ Qxd6 14. Be3
Ngf6 15. Rad1 h5 16. b4 h4 17. h3 Nd5 18. Bg5 f6 19. Bxh4 Qe7 20. Bg3 g5 21. b5
Nf4 22. Bxf4 gxf4 23. bxc6 Qg7 24. cxd7+ Kb8 25. Nd2 Rdg8 26. Qf3 Qh6 27. Ne4
Kc7 28. Nc5 Kd8 29. Rxe6 Qxh3 30. Nxb7+ Kc7 31. Qc6+ 1-0

[Event "Plzen, JF B"]
[Site "?"]
[Date "1999.??.??"]
[Round "8.11"]
[White "Pokorny, J."]
[Black "Stich, M."]
[Result "1-0"]
[WhiteElo "1550"]
[BlackElo "1495"]
[PlyCount "69"]
[EventDate "1999.??.??"]
[Source "ChessBase"]
[SourceDate "1996.11.15"]

1. e4 e5 2. Nf3 Nc6 3. Bc4 Bc5 4. d3 Nf6 5. Bg5 h6 6. Bh4 g5 7. Bg3 d6 8. c3
Bg4 9. Nbd2 Qd7 10. h3 Be6 11. b4 Bb6 12. a4 a5 13. b5 Ne7 14. d4 exd4 15. cxd4
Bxc4 16. Nxc4 Nxe4 17. Nxb6 cxb6 18. Bh2 Rc8 19. O-O O-O 20. Re1 Nf6 21. Qd3
Ng6 22. Qa3 d5 23. Ra2 Rfe8 24. Rae2 Rxe2 25. Rxe2 Ne4 26. Qe3 Rc4 27. Qa3 Nc3
28. Re1 Nxa4 29. Qe3 Qxb5 30. h4 g4 31. Ne5 Nxe5 32. Bxe5 Qc6 33. Qf4 Qg6 34.
h5 Qxh5 35. Qf6 1-0

[Event "Plzen, JF B"]
[Site "?"]
[Date "1999.??.??"]
[Round "8.12"]
[White "Priborsky, J."]
[Black "Cervinka, R."]
[Result "1-0"]
[WhiteElo "1444"]
[BlackElo "1444"]
[PlyCount "58"]
[EventDate "1999.??.??"]
[Source "ChessBase"]
[SourceDate "1996.11.15"]

1. e4 c6 2. d4 d5 3. exd5 cxd5 4. c4 Nf6 5. Nc3 Nc6 6. Nf3 e6 7. Bf4 Bd6 8.
Bxd6 Qxd6 9. a3 O-O 10. Bd3 Rd8 11. c5 Qc7 12. Nb5 Qe7 13. O-O e5 14. dxe5 Nxe5
15. Nxe5 Qxe5 16. Qd2 Qh5 17. Qf4 Bd7 18. b4 Bxb5 19. Bxb5 a6 20. Ba4 Rac8 21.
Rfe1 Kf8 22. Qe3 Rb8 23. f3 d4 24. Qe7+ Kg8 25. Re5 Nd5 26. Qxd8+ Rxd8 27. Rxh5
Nc3 28. Bb3 d3 29. Re5 d2 1-0

[Event "Plzen, JF B"]
[Site "?"]
[Date "1999.??.??"]
[Round "8.13"]
[White "Svoboda, Jan"]
[Black "Petera, L."]
[Result "1-0"]
[WhiteElo "1553"]
[BlackElo "1324"]
[PlyCount "82"]
[EventDate "1999.??.??"]
[Source "ChessBase"]
[SourceDate "1996.11.15"]

1. e4 c5 2. Nf3 d6 3. d4 cxd4 4. Nxd4 Nf6 5. Nc3 g6 6. Bc4 Bg7 7. Be3 O-O 8.
O-O Nc6 9. f3 a6 10. Qd2 Qc7 11. Bb3 b5 12. Nd5 Nxd5 13. Bxd5 Bb7 14. Rac1 e6
15. Qc3 Rfc8 16. Bxc6 Bxc6 17. Qa3 Bb7 18. Rfd1 Rd8 19. c4 bxc4 20. b3 d5 21.
bxc4 dxc4 22. Qb4 Rac8 23. Rb1 Rb8 24. Rbc1 Rbc8 25. Rb1 Rd7 26. Rbc1 Rd6 27.
a4 Bf8 28. Qb2 Rb6 29. Qa2 Rb4 30. Bd2 Qc5 31. Bxb4 Qxb4 32. Rb1 Qe7 33. Qb2
Ba8 34. Qb6 c3 35. Nc2 Qe8 36. Qxa6 Rc6 37. Qb5 Qc8 38. Qb8 Qxb8 39. Rxb8 Ra6
40. Rdd8 Rxa4 41. Rxf8+ Kg7 1-0

[Event "Plzen, JF B"]
[Site "?"]
[Date "1999.??.??"]
[Round "8.14"]
[White "Zemen, J."]
[Black "Bauer, J."]
[Result "1-0"]
[WhiteElo "1375"]
[BlackElo "1575"]
[PlyCount "83"]
[EventDate "1999.??.??"]
[Source "ChessBase"]
[SourceDate "1996.11.15"]

1. e4 c5 2. Nf3 d6 3. d4 cxd4 4. Nxd4 Nf6 5. Nc3 g6 6. Be3 Bg7 7. Qd2 O-O 8.
O-O-O Nc6 9. f4 Bd7 10. Be2 Rc8 11. h3 Na5 12. g4 Nc4 13. Bxc4 Rxc4 14. f5 Qa5
15. Nb3 Qc7 16. Bd4 Rc8 17. Rh2 b5 18. Re1 b4 19. Nd5 Nxd5 20. exd5 Ba4 21.
Bxg7 Kxg7 22. Kb1 Qd8 23. Rc1 Qb6 24. fxg6 hxg6 25. Qe2 Qd8 26. h4 Bb5 27. Qf3
e5 28. dxe6 fxe6 29. h5 Qf8 30. Qb7+ R8c7 31. Qxb5 d5 32. Qa6 Qe7 33. Re2 R7c6
34. Qb5 Rb6 35. Qxd5 Rxg4 36. Qe5+ Kh6 37. Qh8+ Kg5 38. Re5+ Kf4 39. Rf1+ Kg3
40. Rg1+ Kf4 41. Rxg4+ Kxg4 42. hxg6 1-0